000 00568nam a2200193Ia 4500
005 20250508150230.0
008 008 250505s9999 xx 000 0 eng d
037 _aTextual
040 _aFEDL
_beng
_cFEDL
041 _aeng
_2eng
084 _a370.15, AVE
_qFEDL
100 _aAverill Lawarence Augustus
_9756195
245 0 _aElements of educational psychology
260 _aLondon, UK
_bGeorge G Harrap and Co Ltd.
300 _axii,425p
650 _aEducation - Psychology
_9755527
942 _cTEXL
_h370.15, AVE
999 _c1322537
_d1322537